000 01166nam a22002417a 4500
005 20111102142633.0
008 111102t xxu||||| |||| 00| 0 mar d
010 _aMAR-21515
020 _c250.00
_a9788191018394
035 _aMR-14173
037 _bDBAD / PUB
040 _aDPL
_bMR
082 _a891.4608
100 _935655
_aकवडे,सुभाष
245 _aअधोरेलेखित /
_cसुभाष कवडे
246 _aAdhorelekhit
_bby Subhash Kavde
260 _aकोल्हापूर
_bरावा प्रकाशन
_c2011
270 _aअभिनंदन बुक डेपो,1495,'बी' इंदुमती अपार्टमेंट,गुलाब गल्ली,मंगलवार पेठ,
_bकोल्हापूर
_e416012
300 _a132पृ.
_b21सेमी(अजिल्द)
700 _aकोळेकर,वैशाली
_935682
942 _2ddc
_cMR
_h891.4608
_mकवडे
999 _c58030
_d58030